[Event "I'M Not A GM Speed Chess Championship 20"]
[Site "Chess.com"]
[Date "2023.10.13"]
[Round "3"]
[White "Kavutskiy, Konstantin"]
[Black "Trent, Lawrence"]
[Result "0-1"]
[WhiteElo "2626"]
[BlackElo "2675"]
[EventDate "2023.??.??"]
[Annotator "Bojkov,Dejan"]
[PlyCount "68"]
[Beauty "8044746139226"]
[EventType "team-tourn"]

1.d4 d6 2.Nf3 Bg4 3.e4 g6 {A tricky blitz opening. White might quickly lose control over the d4-square if he acts naively.} 4.Be3 Bg7 5.Nbd2 {Kavutskiy is solid though.} 5...Nf6 ( {Another way to play it is to put pressure on the pawn directly with:} 5...Nc6 {It did not bring luck to Black in this game though} 6.h3 Bd7 7.Bc4 e5 8.dxe5 Nxe5 9.Nxe5 dxe5 10.Qe2 Nf6 11.O-O-O O-O 12.Bc5 {with an edge for White, Ragger,M (2668)-Skoberne,J (2562) Austria 2021} ) 6.Bd3 Nc6 7.h3 Bd7 8.c3 e5 9.d5 Ne7 {Now White can enter a KID defense at once if he wishes so.} 10.a4 $146 {Nope, he postpones for the time being.} ( {In the predecessor, White chose to enter the KID waters at once:} 10.c4 Nh5 11.g3 b6 12.Qc2 O-O 13.O-O-O a6 14.Kb1 {as in Maatman $146 (2394)-Vlasenko,M (2431) Chess.com INT 2020} ) ( {Another interesting, restrictive idea was} 10.g4 $5 {[%c_effect g4;square;g4;type;Interesting;persistent;true]} 10...c6 11.c4 ) 10...Nh5 {Of course $1 Every KID knows that.} 11.a5 a6 {Correctly stopping White on his light-square quest.} ( {Otherwise, Black may experience serious difficulties, say} 11...Nf4 12.Bxf4 exf4 13.a6 b6 14.Qb3 ) 12.c4 O-O 13.c5 {Very natural play for White, he plays on his flank.} 13...f5 {Ditto for Black.} ( {Although there was also} 13...Nf4 14.Bxf4 exf4 15.O-O Bb5 {fighting for gradual equality.} ( {Please note that White is not losing a pawn after} 15...dxc5 16.Qc2 b6 17.axb6 cxb6 18.Rxa6 ) ) 14.cxd6 cxd6 15.Bb6 {But this impulsive decision presents Black a couple of important tempi.} ( {Kavutskiy would have done better after} 15.O-O Nf4 16.Bxf4 exf4 {with a pleasant position for White after either} 17.Qb3 ( {Or} 17.Re1 ) ) 15...Qe8 {The queen was forced where it wanted to go $1} 16.O-O Nf4 {And there is no one to swap off this annoying steed $1} 17.Bc4 g5 $1 {[%c_effect g5;square;g5;type;GreatFind;persistent;true] Trent is already having a decisive attack, all his pieces arrive at the final destination kingside with ease.} 18.exf5 Bxf5 19.Nh2 ( {Certainly not} 19.Nxg5 $2 {[%c_effect g5;square;g5;type;Mistake;persistent;true]} 19...Qg6 ) ( {But perhaps} 19.Be3 $5 {[%c_effect e3;square;e3;type;Interesting;persistent;true] with the intention to chop off the knight in a good moment was a chance.} ) 19...h5 20.Re1 Qg6 21.Ndf3 ( {Here} 21.Qb3 $5 {[%c_effect b3;square;b3;type;Interesting;persistent;true]} 21...Bc2 22.Qa3 {to transfer the queen to an active position made sense. Her Majesty also defends the kingside along the third rank.} ) 21...Be4 {Straightforward and strong.} ( {But there was also a case for throwing in} 21...Rac8 $5 {[%c_effect c8;square;c8;type;Interesting;persistent;true] for example} 22.Rc1 e4 23.Nd4 Bxh3 $1 {[%c_effect h3;square;h3;type;GreatFind;persistent;true]} 24.gxh3 Nxh3+ 25.Kg2 Rxf2+ 26.Kxh3 Bxd4 27.Bxd4 Qf5+ 28.Kg3 h4# ) 22.Rc1 {It ws time for tricks, as White's position is lost anyway.} ( {Therefore, the solid, dull-looking, but cunning} 22.Bf1 $1 {[%c_effect f1;square;f1;type;GreatFind;persistent;true] made sense, when} 22...Rf7 $2 {[%c_effect f7;square;f7;type;Mistake;persistent;true] as in the game fails to} ( {And if} 22...Bd3 23.Ra3 $1 {[%c_effect a3;square;a3;type;GreatFind;persistent;true] and it is the rook that can defend the kingside.} ) 23.Rxe4 $1 {[%c_effect e4;square;e4;type;GreatFind;persistent;true]} 23...Qxe4 24.Nxg5 ) 22...Rf7 23.Rxe4 ( {It is a tad late for} 23.Bf1 $5 {[%c_effect f1;square;f1;type;Interesting;persistent;true]} 23...Bxd5 ) ( {And} 23.Nxg5 $2 {[%c_effect g5;square;g5;type;Mistake;persistent;true] simply loses after} 23...Qxg5 ) 23...Qxe4 24.Bf1 ( {Now} 24.Nxg5 {does not impress} 24...Qxg2# ) 24...Qf5 25.Rc7 Raf8 {The most consistent way.} ( {Many roads lead to Rome, like} 25...e4 $1 {[%c_effect e4;square;e4;type;GreatFind;persistent;true]} 26.Nd4 Bxd4 27.Bxd4 Rc8 28.Rxb7 Qxd5 ) ( {Or} 25...Rc8 $1 {[%c_effect c8;square;c8;type;GreatFind;persistent;true]} ) 26.Rxb7 e4 $1 {[%c_effect e4;square;e4;type;GreatFind;persistent;true] Time to make it to the king $1} 27.Nd4 Nxh3+ $1 {[%c_effect h3;square;h3;type;GreatFind;persistent;true] The most artistic way $1} ( 27...Qxd5 {is prosaic win.} ) 28.gxh3 Qxf2+ 29.Kh1 e3 $1 {[%c_effect e3;square;e3;type;GreatFind;persistent;true] Another nice move.} ( {Trent does not fall for a trap with} 29...Be5 30.Ndf3 $1 {[%c_effect f3;square;f3;type;GreatFind;persistent;true]} ) 30.Qxh5 {Mate was inevitable anyway, but this move allows a beauty.} ( {Black has too many threats, say} 30.Ne6 Nf5 ( {Or} 30...Be5 ) ) 30...Qxf1+ $3 {[%c_effect f1;square;f1;type;Brilliant;persistent;true]} 31.Nxf1 Rxf1+ 32.Kg2 R8f2+ 33.Kg3 Be5+ 34.Kg4 Rg1# 0-1

[Event "Knockout"]
[Site "Chess.com"]
[Date "2023.10.16"]
[Round "1"]
[White "Rozman, Levy"]
[Black "Shahade, Gregory P"]
[Result "1-0"]
[WhiteElo "2751"]
[BlackElo "2675"]
[EventDate "2023.??.??"]
[Annotator "Bojkov,Dejan"]
[PlyCount "93"]
[Beauty "7220913772551"]
[EventType "simul"]
[EventRounds "2"]

1.d4 Nf6 2.Bg5 {The Trompowsky will always remain an excellent choice for a blitz game.} 2...c5 3.Nc3 cxd4 4.Qxd4 Nc6 5.Qh4 e6 6.O-O-O Be7 7.e4 {And now we are suddenly in a Classical Sicilian type of position, with a white queen mysteriously teleported to the kingside instead of retreating to the d2-dquare.} 7...O-O ( {Black has better chances to defend if he throws in the move …d7-d6 at some point, and this is a good point:} 7...d6 8.f4 Qb6 9.Nf3 h6 10.e5 dxe5 11.fxe5 Nd7 ( 11...Nd5 $1 {[%c_effect d5;square;d5;type;GreatFind;persistent;true]} ) 12.Bxe7 Nxe7 13.Kb1 Nf5 14.Qe4 ( 14.Qh5 $1 {[%c_effect h5;square;h5;type;GreatFind;persistent;true]} 14...Ne3 15.Rd6 ) 14...Qe3 15.g4 ( 15.Qb4 $1 {[%c_effect b4;square;b4;type;GreatFind;persistent;true]} ) 15...Qxe4 16.Nxe4 Ne3 17.Nd6+ Ke7 18.Rd4 {Hakobyan,A (2613)-Vokhidov,S (2568) Chess.com INT 2022} ) ( 7...h6 {would not chase the bishop away after} 8.f4 ) ( {A good way to meet White's plan was demonstrated by Adhiban in the following game} 7...a6 8.Nf3 Qc7 9.Bd3 d6 10.Rhe1 Bd7 11.e5 dxe5 12.Ne4 Nd5 13.Bxe7 Ncxe7 14.Ng3 f6 15.Nh5 O-O-O {Rapport,R (2702)-Adhiban,B (2653) Wijk aan Zee 2017} ) 8.f4 h6 9.Nf3 {[#]} 9...Nh7 $146 {A novelty and a strategical resignation...} ( {White was also better in the predecessor after:} 9...d5 10.exd5 ( 10.e5 $5 {[%c_effect e5;square;e5;type;Interesting;persistent;true]} ) 10...Nxd5 ( 10...exd5 $5 {[%c_effect d5;square;d5;type;Interesting;persistent;true]} ) 11.Nxd5 exd5 12.Bxe7 Nxe7 13.Bd3 Bf5 14.Rhe1 Bxd3 15.Rxd3 {but there was a lot to play for, Salgado Lopez,O (2095)-Sharapov,E (2375) Chess. com INT 2023} ) 10.Bxe7 Qxe7 11.Qxe7 Nxe7 12.e5 $1 {[%c_effect e5;square;e5;type;GreatFind;persistent;true] Once the d7-pawn is fixed, Black gets a typical Kann/Taimanov failure. His queenside is left workless, the huge hole on d6 is a wonderful spot for the white pieces, and the pawn on d7 itself becomes an eternal weakness.} 12...f6 {The only active try.} ( {Black is positionally lost after} 12...Rd8 13.Nb5 ) 13.g3 $1 {[%c_effect g3;square;g3;type;GreatFind;persistent;true] The most solid continuation. Rozman understands well that in such a position all he needs is to improve slowly.} ( {There was a more concrete approach too, like} 13.Nb5 fxe5 14.Nxe5 Rxf4 15.Nxd7 ) 13...fxe5 14.Nxe5 d5 {This is the worst French structure Black can ever get.} 15.Bh3 {Now that the d7- pawn made a move, it is the -e6 one that is desperately weak.} 15...Nf6 ( {Shahade's position is so vulnerable that he may easily stumble into concrete problems.} 15...Nf5 16.Ng6 Rf6 17.Bxf5 {and White wins.} ) 16.Rhe1 {Obvious and strong.} ( 16.Nb5 $5 {[%c_effect b5;square;b5;type;Interesting;persistent;true] would be excellent as well.} ) 16...Re8 ( {The white queenside knight cannot be stopped.} 16...a6 17.Na4 ) 17.Nb5 Rd8 18.c4 $1 {[%c_effect c4;square;c4;type;GreatFind;persistent;true] Power-play by Rozman again $1} ( {He could have won prosaically with} 18.Nc7 Rb8 19.Bxe6+ Bxe6 20.Nxe6 ) 18...Nf5 19.Bxf5 exf5 20.Nc7 {Not only winning the pawn but keeping all his positional advantages.} 20...Rb8 21.Nxd5 Nxd5 22.cxd5 Bd7 23.b3 {Another instructive no-rush maneuver, which improves White's position to the maximum and leaves Black without a single chance.} 23...Be8 24.Rd2 ( 24.d6 $5 {[%c_effect d6;square;d6;type;Interesting;persistent;true] would do as well.} ) 24...Rbc8+ 25.Kb2 Rd6 26.Nc4 Rd7 27.Re5 {Breakthrough time.} ( 27.d6 $5 {[%c_effect d6;square;d6;type;Interesting;persistent;true]} ) 27...Bf7 ( 27...g6 28.d6 ) 28.Rxf5 Rcd8 29.Ne3 g6 30.Re5 Kg7 31.h4 {Searching for a second weakness on the kingside.} 31...Kf6 32.g4 Rd6 33.g5+ hxg5 34.hxg5+ Kg7 35.Re7 R8d7 36.Rxd7 Rxd7 37.Kc3 {The king enters the battle, and White's win becomes inevitable.} 37...Rd8 38.d6 Be6 39.Nc4 Rf8 40.Rd4 Rd8 41.Ne5 Rc8+ 42.Kb4 b6 43.Kb5 Rd8 44.d7 Kf8 45.Kc6 Ke7 46.Kc7 Rf8 47.d8=R 1-0

[Event "E Grand Swiss 2023"]
[Site "Douglas, Isle of Man"]
[Date "2023.10.28"]
[Round "3"]
[White "Tabatabaei, Amin"]
[Black "Nakamura, Hikaru"]
[Result "0-1"]
[WhiteElo "2685"]
[BlackElo "2780"]
[EventDate "2023.??.??"]
[Annotator "rafael"]
[PlyCount "88"]
[Beauty "7358352719897"]
[EventType "team-tourn"]
[EventCountry "IOM"]

{[%evp 0,88,30,30,23,-5,6,6,32,33,27,14,28,28,28,30,28,30,30,16,21,16,10,7,11,-10,-8,-18,-13,-13,-13,2,17,17,17,17,17,18,23,18,29,-1,29,0,-6,4,4,0,35,25,22,12,8,-35,29,21,25,0,8,8,0,-8,-7,-41,-66,-69,-63,-63,-71,-120,-110,-110,-142,-133,-131,-132,-117,-133,-132,-132,-125,-128,-145,-137,-137,-139,-165,-165,-158,-242,-223]} 
1.d4 d5 2.c4 e6 3.Nf3 c5 {The Tarrasch Defense, considered somewhat dubious until recently, has experienced a resurgence in the hands and minds of strong grandmasters.} 4.cxd5 exd5 5.g3 Nc6 6.Bg2 Nf6 7.O-O Be7 8.dxc5 {A popular move for the elite nowadays.} ( 8.Nc3 O-O 9.Bg5 {This is the former main position of the Tarrasch Defense.} 9...c4 $1 {[%c_effect c4;square;c4;type;GreatFind;persistent;true] This is now considered the best move.} ) 8...Bxc5 9.a3 Ne4 $1 {[%c_effect e4;square;e4;type;GreatFind;persistent;true] The most accurate way of playing.} ( 9...O-O 10.b4 {leads to a small advantage for White.} ) 10.Nfd2 ( 10.b4 {Tabatabaei played this move in a very important game last year.} 10...Be7 11.Bb2 Bf6 12.Bxf6 Qxf6 13.Qxd5 Be6 14.Qxe4 Qxa1 15.b5 Nd8 {It seems that White's compensation is not enough for an advantage, and the game later ended in a draw. Tabatabaei-Van Foreest, Chennai Olympiad 2022.} ) 10...f5 {I understand that playing with an isolated pawn and still having to weaken the structure with this move is not to everyone's taste, but the e4-knight somewhat compensates for these weaknesses. Truth be told, the position is not an easy one to play as Black, anyway.} 11.b4 {This is already a new move.} ( 11.Nc3 ) 11...Be7 ( 11...Bd4 {This alternative route to f6 makes a lot of sense, since it forces White to move the rook.} 12.Ra2 Bf6 ) 12.Bb2 Bf6 13.Bxf6 ( 13.Nxe4 {is possible, but it doesn't offer much:} 13...Bxb2 ( 13...fxe4 14.Bxf6 Qxf6 15.Nd2 O-O 16.Nb3 {with hopes of a positional advantage.} ) 14.Ra2 dxe4 15.Qxd8+ Kxd8 16.Rxb2 Be6 {with a roughly equal endgame.} ) 13...Qxf6 14.Nb3 O-O 15.e3 Be6 {This is not the only path for the bishop.} ( 15...Rd8 {is a cunning move, with the idea of replying to} 16.N1d2 {with} 16...b6 $1 {[%c_effect b6;square;b6;type;GreatFind;persistent;true] and the bishop can be developed to the more active f1-a6 diagonal.} ) 16.N1d2 Ne5 17.Nf3 {The position has stabilized and White has a small advantage, although Black has chances with the strong knights.} 17...Nc4 18.Qd4 ( 18.Nc5 $5 {[%c_effect c5;square;c5;type;Interesting;persistent;true]} 18...b6 19.Nxe6 {It's a typical mistake to consider Black's bishop \"bad\" and, therefore, avoid exchanging it. As has been seen in many cases (the most famous of which is Fischer vs. Petrosian, game seven of the 1971 match), capturing the bishop in similar structures weakens Black's position, since the piece is important for defending the pawns.} 19...Qxe6 20.Nd4 Qf6 21.Rc1 $14 ) ( 18.Nfd4 {is also possible.} ) 18...Qe7 19.Rfc1 ( {White can also maneuver the knight immediately with} 19.Ne5 Rac8 20.Nd3 ) 19...Bf7 20.h4 {I don't like this move very much as I don't see a situation in which the pawn on h4 would be better for White. With the pawn on h2, it's possible to expel Black's knight on e4 with the move f3 in some cases. Furthermore, when Black plays g7-g5, the h-file will not be opened if the pawn is on h2.} 20...a6 ( 20...h6 $1 {[%c_effect h6;square;h6;type;GreatFind;persistent;true] is better, avoiding Nf3-g5.} ) 21.Ne1 ( 21.Ng5 $1 {[%c_effect g5;square;g5;type;GreatFind;persistent;true] To be fair, the h4-pawn is useful now.} 21...h6 ( 21...Nxg5 22.hxg5 Rad8 23.Qf4 {with a clear advantage for White.} ) 22.Nxf7 Qxf7 {with a small advantage for White. I really like capturing Black's light-squared bishop.} ) 21...Rad8 22.Nd3 h6 23.a4 b6 {Nakamura decides to protect the queenside.} ( {It's possible to start kingside play immediately with} 23...g5 ) 24.a5 b5 {If we just look at the pawn structure, it might seem like White has the advantage, but this is not the case. The black knights are very strong and can hardly be exchanged. Black also has a plan (to play g7-g5), while it's not clear what White can do.} 25.Rc2 Rd6 26.Bf3 Qe8 ( 26...g5 $1 {[%c_effect g5;square;g5;type;GreatFind;persistent;true] is better, with a dangerous initiative after} 27.hxg5 hxg5 ) 27.Re1 Bh5 28.Bg2 $6 {[%c_effect g2;square;g2;type;Inaccuracy;persistent;true] As I wrote before, Black's bishop is not as bad as one might think. It's important to prevent the g7-g5 advance, and this can be achieved with the exchange.} ( 28.Bxh5 $1 {[%c_effect h5;square;h5;type;GreatFind;persistent;true]} 28...Qxh5 29.Nf4 Qg4 ( 29...Qf7 30.h5 $1 {[%c_effect h5;square;h5;type;GreatFind;persistent;true] Fixing the pawn structure.} ) ( 29...Qf3 $6 {[%c_effect f3;square;f3;type;Inaccuracy;persistent;true]} 30.Qa1 $1 {[%c_effect a1;square;a1;type;GreatFind;persistent;true] with the idea of playing Nd4.} ) 30.Rf1 ( 30.h5 {is not so good anymore due to} 30...Ng5 $1 {[%c_effect g5;square;g5;type;GreatFind;persistent;true]} ) 30...Qf3 31.Qd1 ( 31.Qa1 $2 {[%c_effect a1;square;a1;type;Mistake;persistent;true]} 31...Nxe3 ) 31...Qxd1 32.Rxd1 g5 {with an equal endgame.} ) 28...g5 29.hxg5 hxg5 30.f4 $1 {[%c_effect f4;square;f4;type;GreatFind;persistent;true] Tabatabaei rightly complicates the game before Nakamura can improve his pieces.} 30...Qg6 31.Ne5 ( 31.Bh1 {This extremely subtle move, with the idea of bringing the rook into the game, is the computer suggestion. The game is equal.} ) 31...Qg7 32.Nxc4 $2 {[%c_effect c4;square;c4;type;Mistake;persistent;true] This is a big mistake after which White never gets back into the game.} ( 32.Nf3 $1 {[%c_effect f3;square;f3;type;GreatFind;persistent;true] Black's position remains more pleasant, but White can hold.} ) 32...dxc4 33.Qxg7+ Kxg7 34.Nd4 ( 34.Bxe4 cxb3 35.Rc7+ Kf6 {with a winning endgame, thanks to the b3-pawn.} ) 34...Nxg3 35.fxg5 f4 $1 {[%c_effect f4;square;f4;type;GreatFind;persistent;true] Black's pawn structure on the queenside is wonderful, with a protected passed pawn on c4. This is practically a guarantee that the endgame is winning.} 36.Kf2 {There are other ways of winning:} 36...Bg6 ( 36...Nf5 37.Nxf5+ Rxf5 38.exf4 Rxf4+ {The g5-pawn will fall, and then Black can go to work on the queenside.} ) ( 36...fxe3+ 37.Kxg3 Rxd4 38.Rxe3 Rg4+ 39.Kh2 Bg6 {with a winning position.} ) 37.Rc3 Nh5 38.Nf3 Ng3 {There are other moves, but Nakamura chooses the most practical solution. For now, he repeats the position.} 39.Nd4 Ne4+ $1 {[%c_effect e4;square;e4;type;GreatFind;persistent;true] But now he executes the simplest path to victory.} 40.Bxe4 Bxe4 {I warned you: look how strong Black's bishop is $1} 41.Nf3 {This loses by force, but it's hard to recommend anything.} 41...Bxf3 $1 {[%c_effect f3;square;f3;type;GreatFind;persistent;true] The bishop has fulfilled its role in this game.} 42.Kxf3 fxe3+ 43.Kg4 ( 43.Kxe3 Re6+ 44.Kd2 Rd8+ {wins the rook.} ) ( 43.Ke2 Re8 44.Rxe3 Rxe3+ 45.Kxe3 Re6+ 46.Kd2 Rxe1 47.Kxe1 Kg6 {Here we can see how important the c4-pawn is for Black.} ) 43...Rd4+ 44.Kh3 Re8 0-1